[Event "DVM U14 2020"]
[Site "Willingen GER"]
[Date "2021.06.24"]
[Round "1"]
[White "Eull, Emil"]
[Black "Huo, Da"]
[Result "1-0"]
[Termination "normal"]
[Board "1.1"]
[WhiteElo "1662"]
[BlackElo "1918"]
[WhiteClock "00:23:19"]
[BlackClock "00:20:41"]
[WhiteTeam "SF Neuberg"]
[BlackTeam "Hamburger SK von 1830"]
[PlyCount "99"]
[WhiteFideId "16253809"]
[BlackFideId "16221206"]
[EventCountry "GER"]
[EventRounds "7"]
[EventType "team-swiss"]
[EventDate "2021.06.23"]

1. c4 {[%clk 1:30:58]} e5 {[%clk 1:30:57]} 2. Nc3 {[%clk 1:31:18]} Nf6 {[%clk
1:31:22]} 3. Nf3 {[%clk 1:31:39]} Nc6 {[%clk 1:31:47]} 4. e3 {[%clk 1:32:04]}
d5 {[%clk 1:30:11]} 5. cxd5 {[%clk 1:32:23]} Nxd5 {[%clk 1:30:35]} 6. Bb5
{[%clk 1:32:35]} Nxc3 {[%clk 1:10:19]} 7. bxc3 {[%clk 1:32:54]} e4 {[%clk
1:08:41]} 8. Nd4 {[%clk 1:31:08]} Bd7 {[%clk 1:08:47]} 9. Nxc6 {[%clk 1:29:41]}
bxc6 {[%clk 1:09:12]} 10. Bf1 {[%clk 1:28:42]} Qf6 {[%clk 0:51:36]} 11. g3
{[%clk 1:25:49]} h5 {[%clk 0:45:31]} 12. Bg2 {[%clk 1:21:12]} Qe5 {[%clk
0:41:21]} 13. Qa4 {[%clk 1:19:54]} f5 {[%clk 0:40:25]} 14. Qb3 {[%clk 1:10:11]}
Bd6 {[%clk 0:38:39]} 15. Ba3 {[%clk 1:07:53]} Ke7 {[%clk 0:36:26]} 16. h4
{[%clk 1:04:42]} c5 {[%clk 0:31:00]} 17. Qc2 {[%clk 0:47:11]} Bb5 {[%clk
0:29:06]} 18. Bf1 {[%clk 0:46:41]} c4 {[%clk 0:21:41]} 19. Bxd6+ {[%clk
0:46:32]} Qxd6 {[%clk 0:21:47]} 20. Rb1 {[%clk 0:44:17]} Ba6 {[%clk 0:21:40]}
21. Be2 {[%clk 0:43:05]} Rad8 {[%clk 0:20:22]} 22. Rb2 {[%clk 0:40:43]} Kf6
{[%clk 0:19:40]} 23. Qa4 {[%clk 0:33:52]} Rb8 {[%clk 0:17:39]} 24. Rxb8 {[%clk
0:31:58]} Rxb8 {[%clk 0:17:32]} 25. O-O {[%clk 0:30:24]} Rb2 {[%clk 0:12:15]}
26. Bxh5 {[%clk 0:25:22]} g6 {[%clk 0:07:58]} 27. Be2 {[%clk 0:25:11]} Bb5
{[%clk 0:08:10]} 28. Qa5 {[%clk 0:19:51]} a6 {[%clk 0:07:39]} 29. Rd1 {[%clk
0:14:08]} Rxd2 {[%clk 0:06:05]} 30. Rxd2 {[%clk 0:14:29]} Qxd2 {[%clk 0:06:30]}
31. Bf1 {[%clk 0:14:27]} Qd7 {[%clk 0:04:22]} 32. a4 {[%clk 0:13:56]} Bxa4
{[%clk 0:04:24]} 33. Qxa6+ {[%clk 0:14:05]} Kg7 {[%clk 0:03:54]} 34. Qxc4
{[%clk 0:13:29]} Kh7 {[%clk 0:03:42]} 35. Qd4 {[%clk 0:11:11]} Qxd4 {[%clk
0:01:17]} 36. cxd4 {[%clk 0:10:27]} Bd1 {[%clk 0:01:03]} 37. Bb5 {[%clk
0:10:03]} Kh6 {[%clk 0:00:38]} 38. Kf1 {[%clk 0:10:27]} g5 {[%clk 0:00:40]} 39.
Bd7 {[%clk 0:08:02]} Kg6 {[%clk 0:00:34]} 40. Ke1 {[%clk 0:06:11]} Bg4 {[%clk
0:00:39]} 41. Be8+ {[%clk 0:02:54]} Kh6 {[%clk 0:00:42]} 42. hxg5+ {[%clk
0:01:03]} Kxg5 {[%clk 0:01:06]} 43. Bb5 {[%clk 0:00:49]} Bf3 {[%clk 0:00:32]}
44. Be2 {[%clk 0:00:51]} Kg4 {[%clk 0:29:52]} 45. Bxf3+ {[%clk 0:22:11]} exf3
{[%clk 0:29:02]} 46. Kd2 {[%clk 0:22:07]} Kh3 {[%clk 0:29:16]} 47. e4 {[%clk
0:22:19]} fxe4 {[%clk 0:19:50]} 48. Ke3 {[%clk 0:22:39]} Kg2 {[%clk 0:20:13]}
49. g4 {[%clk 0:23:01]} c5 {[%clk 0:20:41]} 50. dxc5 {[%clk 0:23:19]} 1-0

[Event "DVM U14 2020"]
[Site "Willingen GER"]
[Date "2021.06.24"]
[Round "1"]
[White "Fuhrmann, Bahne"]
[Black "Buchinger, Alexis"]
[Result "1/2-1/2"]
[Termination "normal"]
[Board "1.2"]
[WhiteElo "1849"]
[BlackElo "1536"]
[WhiteTeam "Hamburger SK von 1830"]
[BlackTeam "SF Neuberg"]
[PlyCount "147"]
[WhiteFideId "16244842"]
[BlackFideId "16287134"]
[EventCountry "GER"]
[EventRounds "7"]
[EventType "team-swiss"]
[EventDate "2021.06.23"]

{[%evp 0,147,34,34,44,27,49,51,87,57,52,61,68,40,73,69,56,-58,-67,-13,-17,-149,
-118,-68,-30,-223,-197,-215,-27,-32,-62,-68,-71,-56,-70,-76,-81,-71,-76,-113,
-64,-118,-82,-78,-55,-68,-69,-69,-73,-74,-59,-77,-76,-78,-78,-87,-83,-93,-82,
-90,-83,-89,-84,-85,-83,-75,-88,-97,-71,-71,-69,-85,-103,-102,-80,-65,-93,-63,
-64,-66,-64,-103,-87,-99,-60,-75,-70,-90,-65,-200,-228,-279,-56,-56,-51,-54,-3,
-3,0,0,0,0,0,0,0,0,0,-2,-2,-3,-3,-3,-3,-3,-3,-3,-3,-3,-2,-3,0,-2,0,-2,-2,-3,-3,
-3,-2,-3,-3,-2,0,0,0,0,0,0,0,0,0,0,0,0,0,0,0,0,0,0]} 1. e4 d5 2. exd5 Qxd5 3.
Nc3 Qa5 4. d4 Nf6 5. Bc4 Bg4 6. f3 Bf5 7. Bd2 Qb6 8. Qe2 Nc6 9. Na4 Qxd4 10.
O-O-O O-O-O 11. Nh3 Qe5 12. Qf2 Bxh3 13. gxh3 Qd4 14. Qe2 Qe5 15. Be3 Nd5 16.
Bxd5 Rxd5 17. Nc3 Rxd1+ 18. Rxd1 e6 19. Ne4 Bd6 20. Qf2 Kb8 21. Qg3 Qxe4 22.
fxe4 Bxg3 23. hxg3 Kc8 24. g4 Rd8 25. Rxd8+ Kxd8 26. Kd2 Ke7 27. Bg5+ f6 28.
Bf4 Kd7 29. Kd3 h6 30. a4 Nb4+ 31. Kd2 c5 32. c3 Nc6 33. Kd3 Ne7 34. Kc4 Kc6
35. Be3 b6 36. b4 cxb4 37. cxb4 a6 38. b5+ axb5+ 39. axb5+ Kc7 40. h4 Ng6 41.
g5 hxg5 42. hxg5 Ne5+ 43. Kc3 Nf7 44. Bf4+ e5 45. gxf6 gxf6 46. Bg3 Nd6 47. Kd3
Nxb5 48. Bh4 Kd6 49. Bxf6 Nd4 50. Kc4 Ke6 51. Bh4 Ne2 52. Bf2 b5+ 53. Kxb5 Nc3+
54. Kc4 Nxe4 55. Be3 Nd6+ 56. Kd3 Kd5 57. Bg1 Nf5 58. Bf2 e4+ 59. Kd2 Nd4 60.
Be3 Kc4 61. Bf2 Nf3+ 62. Ke3 Kd5 63. Ke2 Ke5 64. Bg3+ Kf5 65. Ke3 Ne5 66. Bxe5
Kxe5 67. Ke2 Kf4 68. Kf2 Kf5 69. Ke3 Ke5 70. Ke2 Kd4 71. Kd2 e3+ 72. Ke2 Ke4
73. Ke1 Kf3 74. Kf1 1/2-1/2

[Event "DVM U14 2020"]
[Site "Willingen GER"]
[Date "2021.06.24"]
[Round "1"]
[White "Feng, Felix"]
[Black "Kort, Felix"]
[Result "1-0"]
[Termination "normal"]
[Board "1.3"]
[WhiteElo "1423"]
[BlackElo "1850"]
[WhiteClock "00:45:42"]
[BlackClock "00:01:05"]
[WhiteTeam "SF Neuberg"]
[BlackTeam "Hamburger SK von 1830"]
[PlyCount "57"]
[WhiteFideId "16275179"]
[BlackFideId "16220129"]
[EventCountry "GER"]
[EventRounds "7"]
[EventType "team-swiss"]
[EventDate "2021.06.23"]

{[%evp 0,57,36,-13,-13,-13,-9,-13,-4,-31,-25,-32,-3,13,9,-7,-4,0,-6,-15,-5,-6,
-1,7,10,-2,39,65,59,67,114,47,55,62,115,130,188,178,168,178,294,216,344,211,
222,247,379,240,339,414,894,981,1049,1022,1177,1299,1332,1353,1365,1365]} 1. c4
e5 2. Nc3 Nf6 3. g3 d5 4. cxd5 Nxd5 5. Bg2 Nb6 6. Nf3 Nc6 7. O-O Be6 8. a3 Be7
9. b4 f6 10. d3 Qd7 11. Be3 O-O-O 12. Ne4 Nd4 13. Bxd4 exd4 14. Rc1 Qb5 15. Qc2
c6 16. Nc5 Bf7 17. Rb1 Na8 18. a4 Qb6 19. Bh3+ Kc7 20. Rfc1 Rhe8 21. Qb2 Bxc5
22. Rxc5 Qa6 23. a5 b6 24. b5 Qb7 25. a6 bxc5 26. axb7 Kxb7 27. bxc6+ Kxc6 28.
Qb7+ Kd6 29. Qxf7 1-0

[Event "DVM U14 2020"]
[Site "Willingen GER"]
[Date "2021.06.24"]
[Round "1"]
[White "Genov, Valentin"]
[Black "Kaiser, Jason"]
[Result "1-0"]
[Termination "normal"]
[Board "1.4"]
[WhiteTitle "CM"]
[WhiteElo "1826"]
[BlackElo "1479"]
[WhiteTeam "Hamburger SK von 1830"]
[BlackTeam "SF Neuberg"]
[PlyCount "69"]
[WhiteFideId "2919745"]
[BlackFideId "16275187"]
[EventCountry "GER"]
[EventRounds "7"]
[EventType "team-swiss"]
[EventDate "2021.06.23"]

{[%evp 0,69,36,28,25,-6,36,3,57,65,57,31,144,137,150,162,152,129,154,121,119,
130,123,142,182,180,221,221,222,222,228,214,240,253,261,222,262,262,288,286,
323,332,321,317,323,344,336,177,170,191,273,318,319,141,458,458,469,458,503,
451,517,516,513,518,516,496,497,497,497,497,514,529]} 1. d4 d5 2. c4 c6 3. Nc3
Bf5 4. cxd5 cxd5 5. Qb3 b6 6. Qxd5 Qxd5 7. Nxd5 Kd8 8. Bf4 Nc6 9. e3 e6 10. Nc3
Nb4 11. e4 Bxe4 12. Nxe4 Nc2+ 13. Kd2 Nxa1 14. Ba6 Bb4+ 15. Kd3 Ke8 16. Nf3 Ne7
17. Rxa1 Nd5 18. Bg3 h6 19. Ne5 f5 20. Nc3 Bxc3 21. bxc3 Rg8 22. Bb7 Rd8 23.
Nc6 Rd7 24. Bc8 f4 25. Bxd7+ Kxd7 26. Ne5+ Ke7 27. Ng6+ Kd7 28. Nxf4 Nf6 29.
Re1 Re8 30. Ng6 Nd5 31. Ne5+ Ke7 32. a3 Rc8 33. c4 Nf6 34. Nf3 b5 35. c5 1-0

[Event "DVM U14 2020"]
[Site "Willingen GER"]
[Date "2021.06.24"]
[Round "1"]
[White "Eilenberg, Jonas"]
[Black "Elstner, Florian"]
[Result "1/2-1/2"]
[Termination "normal"]
[Board "2.1"]
[WhiteElo "2126"]
[BlackElo "1526"]
[WhiteTeam "SV Königsjäger Süd-West e.V."]
[BlackTeam "Schachklub König Plauen"]
[PlyCount "69"]
[WhiteFideId "16204271"]
[BlackFideId "16247264"]
[EventCountry "GER"]
[EventRounds "7"]
[EventType "team-swiss"]
[EventDate "2021.06.23"]

1. d4 d5 2. c4 c6 3. cxd5 cxd5 4. Nf3 Nf6 5. Nc3 Nc6 6. Bf4 a6 7. Rc1 Bf5 8.
Ne5 Bd7 9. e3 e6 10. Bd3 Be7 11. O-O O-O 12. Qf3 Re8 13. Bg5 h6 14. Bh4 Nxe5
15. dxe5 Nh7 16. Bxe7 Qxe7 17. Qd1 Bc6 18. Ne2 Rec8 19. Nd4 Nf8 20. f4 Be8 21.
Qg4 f5 22. Bxf5 Rxc1 23. Rxc1 exf5 24. Nxf5 Qd7 25. Nxh6+ Kh8 26. Nf5 Bg6 27.
Qh4+ Bh7 28. Nd6 Ng6 29. Qg3 Ne7 30. Rd1 Rf8 31. h3 Nf5 32. Qg4 Qc6 33. Nxf5
Bxf5 34. Qh4+ Kg8 35. Qe1 1/2-1/2

[Event "DVM U14 2020"]
[Site "Willingen GER"]
[Date "2021.06.24"]
[Round "1"]
[White "Melestean, Timur"]
[Black "Rose, Daniel"]
[Result "1/2-1/2"]
[Termination "normal"]
[Board "2.2"]
[WhiteElo "1502"]
[BlackElo "1816"]
[WhiteClock "00:49:56"]
[BlackClock "00:18:49"]
[WhiteTeam "Schachklub König Plauen"]
[BlackTeam "SV Königsjäger Süd-West e.V."]
[PlyCount "109"]
[WhiteFideId "16280385"]
[BlackFideId "16242963"]
[EventCountry "GER"]
[EventRounds "7"]
[EventType "team-swiss"]
[EventDate "2021.06.23"]

{[%evp 0,97,37,-13,-9,-9,44,19,25,18,9,3,7,21,8,9,28,-43,37,-64,-78,-78,-103,
-106,-106,-103,-103,-103,-73,-119,-125,-117,-130,-143,-119,-113,-138,-137,-119,
-135,-126,-151,-122,-130,-120,-115,-158,-121,-128,-119,-129,-140,-125,-119,
-114,-117,-116,-114,-95,-118,-101,-110,-110,-124,-124,-123,-122,-119,-106,-101,
-99,-100,-96,-91,-90,-95,-96,-105,-86,-84,-88,-92,-97,-112,-118,-114,-125,-122,
-120,-122,-123,-120,-122,-121,-122,-121,-108,-121,-110,-119]} 1. c4 Nf6 2. Nf3
g6 3. g3 Bg7 4. Bg2 O-O 5. O-O d6 6. Nc3 c5 7. d4 Nc6 8. h3 Bf5 9. Re1 Nxd4 10.
Nxd4 cxd4 11. Qxd4 Ne4 12. Qe3 Nxc3 13. bxc3 Rc8 14. Bd2 b6 15. g4 Bd7 16. Qd3
Qc7 17. Bd5 e6 18. Bg2 Qxc4 19. Qxd6 Rfd8 20. Qa3 Ba4 21. Bg5 f6 22. Be3 Bf8
23. Qb2 Qxc3 24. Qxc3 Rxc3 25. Rec1 Rxc1+ 26. Rxc1 Rd1+ 27. Rxd1 Bxd1 28. Kf1
Bc2 29. Bc1 Bb4 30. Bc6 Kf7 31. Bb5 Be4 32. f3 Bd5 33. a3 Bc3 34. e4 Bb7 35.
Ke2 Ke7 36. Kd3 Be1 37. Bf4 Bf2 38. Bc4 Bc5 39. a4 g5 40. Bd2 a6 41. Bc1 e5 42.
Kc3 a5 43. Bb5 Kd6 44. Kc4 Bc8 45. Kd3 Be6 46. Bc4 Bc8 47. Bb5 Bb7 48. Kc4 Bc8
49. Kd3 Bb4 50. Be3 Kc7 51. Bc1 Be6 52. Bc4 Bxc4+ 53. Kxc4 Kc6 54. Bb2 Bc5 55.
Bc1 1/2-1/2

[Event "DVM U14 2020"]
[Site "Willingen GER"]
[Date "2021.06.24"]
[Round "1"]
[White "Korek, Jakob Alexander"]
[Black "Atze, Reinhard"]
[Result "1-0"]
[Termination "normal"]
[Board "2.3"]
[WhiteElo "1663"]
[BlackElo "1358"]
[WhiteClock "00:12:40"]
[BlackClock "00:00:34"]
[WhiteTeam "SV Königsjäger Süd-West e.V."]
[BlackTeam "Schachklub König Plauen"]
[PlyCount "74"]
[WhiteFideId "16240022"]
[BlackFideId "12995665"]
[EventCountry "GER"]
[EventRounds "7"]
[EventType "team-swiss"]
[EventDate "2021.06.23"]

1. d4 {[%clk 1:30:56]} d5 {[%clk 1:30:46]} 2. c4 {[%clk 1:31:09]} Nf6 {[%clk
1:30:59]} 3. cxd5 {[%clk 1:30:08]} Nxd5 {[%clk 1:23:16]} 4. e4 {[%clk 1:29:54]}
Nf6 {[%clk 1:23:11]} 5. Nc3 {[%clk 1:29:45]} Bg4 {[%clk 1:18:35]} 6. f3 {[%clk
1:29:09]} Bd7 {[%clk 1:18:15]} 7. e5 {[%clk 1:25:53]} Ng8 {[%clk 1:18:03]} 8.
Bf4 {[%clk 1:17:03]} e6 {[%clk 1:12:41]} 9. Bc4 {[%clk 1:11:23]} c5 {[%clk
1:04:53]} 10. d5 {[%clk 1:10:48]} Qh4+ {[%clk 0:52:25]} 11. g3 {[%clk 1:11:02]}
Qe7 {[%clk 0:52:31]} 12. Qb3 {[%clk 1:09:06]} b6 {[%clk 0:47:48]} 13. Ne4
{[%clk 1:01:30]} h6 {[%clk 0:38:42]} 14. Rd1 {[%clk 0:56:53]} g5 {[%clk
0:34:39]} 15. d6 {[%clk 0:54:10]} Qd8 {[%clk 0:34:27]} 16. Bd2 {[%clk 0:53:17]}
Bg7 {[%clk 0:34:06]} 17. f4 {[%clk 0:51:38]} gxf4 {[%clk 0:31:47]} 18. Bxf4
{[%clk 0:50:05]} a6 {[%clk 0:30:10]} 19. a4 {[%clk 0:46:05]} Nc6 {[%clk
0:28:36]} 20. Nf3 {[%clk 0:45:30]} Na5 {[%clk 0:27:08]} 21. Qc2 {[%clk
0:44:56]} b5 {[%clk 0:25:12]} 22. Be2 {[%clk 0:36:52]} c4 {[%clk 0:19:43]} 23.
Nc5 {[%clk 0:33:19]} Rc8 {[%clk 0:13:51]} 24. Nxd7 {[%clk 0:28:26]} Kxd7 {[%clk
0:13:11]} 25. Nd4 {[%clk 0:27:31]} Rc5 {[%clk 0:11:59]} 26. b4 {[%clk 0:26:32]}
Rc8 {[%clk 0:05:45]} 27. bxa5 {[%clk 0:26:04]} Qxa5+ {[%clk 0:06:07]} 28. Kf2
{[%clk 0:25:00]} bxa4 {[%clk 0:05:00]} 29. Bf3 {[%clk 0:20:58]} f6 {[%clk
0:02:54]} 30. Nxe6 {[%clk 0:15:15]} fxe5 {[%clk 0:00:39]} 31. Nxg7 {[%clk
0:14:23]} exf4 {[%clk 0:00:53]} 32. Bg4+ {[%clk 0:14:13]} Kd8 {[%clk 0:00:35]}
33. Bxc8 {[%clk 0:12:45]} Qc5+ {[%clk 0:00:31]} 34. Kf1 {[%clk 0:12:55]} Qxc8
{[%clk 0:00:47]} 35. d7 {[%clk 0:13:07]} Qc6 {[%clk 0:01:01]} 36. Qg2 {[%clk
0:12:49]} f3 {[%clk 0:01:04]} 37. Qb2 {[%clk 0:12:40]} Qc7 {[%clk 0:00:34]} *

[Event "DVM U14 2020"]
[Site "Willingen GER"]
[Date "2021.06.24"]
[Round "1"]
[White "Deiters, Clemens"]
[Black "Abed, Karim"]
[Result "1/2-1/2"]
[Termination "normal"]
[Board "2.4"]
[WhiteElo "1361"]
[BlackElo "1626"]
[WhiteClock "00:21:31"]
[BlackClock "00:03:58"]
[WhiteTeam "Schachklub König Plauen"]
[BlackTeam "SV Königsjäger Süd-West e.V."]
[PlyCount "134"]
[WhiteFideId "16240243"]
[BlackFideId "16242785"]
[EventCountry "GER"]
[EventRounds "7"]
[EventType "team-swiss"]
[EventDate "2021.06.23"]

{[%evp 0,88,37,37,39,39,33,43,36,18,9,29,36,49,43,13,11,5,46,34,37,24,23,28,61,
57,57,33,57,4,106,99,75,75,75,68,72,77,83,73,76,79,91,61,62,37,52,-127,-129,
-138,-125,-125,-137,-137,-117,-121,-142,-123,-82,-114,-78,-95,-98,-95,-107,
-103,-103,-84,-64,-63,-65,-73,-48,-67,-74,-81,-75,-67,-36,-58,-55,-49,-17,-17,
-29,-27,-19,-16,146,167,148]} 1. e4 e6 2. d4 d5 3. Nc3 Nf6 4. exd5 exd5 5. Bd3
Be7 6. h3 O-O 7. Nge2 Nc6 8. a3 Na5 9. Bf4 Nc4 10. Rb1 a6 11. O-O c5 12. Bg5
cxd4 13. Nxd4 h6 14. Bf4 Bd7 15. Qf3 Bc5 16. Nb3 Bd6 17. Bxd6 Nxd6 18. Nxd5
Nxd5 19. Qxd5 Bc6 20. Qh5 Qf6 21. Qg4 Rae8 22. Nd4 Bd5 23. Nf5 Be6 24. Nxd6
Bxg4 25. Nxe8 Rxe8 26. hxg4 g6 27. f3 Qd4+ 28. Rf2 Kg7 29. Be4 f5 30. gxf5 gxf5
31. Bd3 Kf6 32. Kf1 Qh4 33. Kg1 Kg5 34. f4+ Kf6 35. Rbf1 Qg4 36. Rf3 h5 37. Kh2
h4 38. R1f2 b5 39. Rf1 Re6 40. R1f2 Ke7 41. c4 bxc4 42. Bxc4 Rb6 43. Rd2 h3 44.
Re3+ Kf6 45. g3 Qg7 46. Re5 Qb7 47. b4 Qf3 48. Bd3 Rd6 49. Rxf5+ Kg7 50. Rg5+
Kh6 51. Kxh3 Rxd3 52. Rxd3 Qxd3 53. Ra5 Qe2 54. a4 Kg6 55. Rg5+ Kf6 56. b5 Qf1+
57. Kh4 Qh1+ 58. Kg4 Qd1+ 59. Kh4 Qxa4 60. bxa6 Qxa6 61. g4 Qd3 62. f5 Qe3 63.
Rg6+ Kf7 64. Kh5 Qh3+ 65. Kg5 Qe3+ 66. Kh4 Qf2+ 67. Kh5 Qh2+ 1/2-1/2

[Event "DVM U14 2020"]
[Site "Willingen GER"]
[Date "2021.06.24"]
[Round "1"]
[White "Schwartz, Oliver"]
[Black "Ermitsch, Magnus"]
[Result "1-0"]
[Termination "normal"]
[Board "3.1"]
[WhiteElo "1835"]
[BlackElo "2115"]
[WhiteClock "00:04:42"]
[BlackClock "00:01:07"]
[WhiteTeam "SC Ostfildern 1952 e.V."]
[BlackTeam "SC Borussia Lichtenberg"]
[PlyCount "75"]
[WhiteFideId "16207459"]
[BlackFideId "16234464"]
[EventCountry "GER"]
[EventRounds "7"]
[EventType "team-swiss"]
[EventDate "2021.06.23"]

1. d4 Nf6 2. c4 e6 3. Nf3 Bb4+ 4. Bd2 c5 5. Bxb4 cxb4 6. e3 d6 7. Be2 Nc6 8.
O-O O-O 9. Qb3 a5 10. Rc1 e5 11. Nbd2 Bg4 12. Qd1 Re8 13. a3 bxa3 14. bxa3 Qe7
15. d5 Nb8 16. Rab1 Bxf3 17. Bxf3 Na6 18. Rb5 a4 19. Be4 Nxe4 20. Nxe4 f5 21.
Nc3 Nc5 22. Rcb1 Ra6 23. Rb6 Rea8 24. R1b4 g6 25. Rxa6 Rxa6 26. Nxa4 b6 27.
Nxc5 bxc5 28. Rb8+ Kg7 29. Qb3 Kh6 30. g3 Qa7 31. Qb5 Rxa3 32. Qe8 Ra6 33. Rd8
Qb7 34. Rd7 Qb1+ 35. Kg2 f4 36. Qf8+ Kg5 37. h4+ Kg4 38. f3+ {normal} 1-0

[Event "DVM U14 2020"]
[Site "Willingen GER"]
[Date "2021.06.24"]
[Round "1"]
[White "Klühs, Gustaf"]
[Black "Chugunov, Ivan"]
[Result "1-0"]
[Termination "normal"]
[Board "3.2"]
[WhiteElo "1823"]
[BlackElo "1500"]
[WhiteClock "00:55:13"]
[BlackClock "00:28:48"]
[WhiteTeam "SC Borussia Lichtenberg"]
[BlackTeam "SC Ostfildern 1952 e.V."]
[PlyCount "125"]
[WhiteFideId "16228936"]
[BlackFideId "16256808"]
[EventCountry "GER"]
[EventRounds "7"]
[EventType "team-swiss"]
[EventDate "2021.06.23"]

1. d4 {[%clk 1:30:58]} d5 {[%clk 1:30:41]} 2. c4 {[%clk 1:31:24]} c6 {[%clk
1:30:50]} 3. cxd5 {[%clk 1:31:45]} cxd5 {[%clk 1:30:57]} 4. Bf4 {[%clk
1:32:09]} Nf6 {[%clk 1:30:24]} 5. Nc3 {[%clk 1:32:34]} Nc6 {[%clk 1:29:48]} 6.
e3 {[%clk 1:32:47]} Bf5 {[%clk 1:26:16]} 7. Qb3 {[%clk 1:31:11]} Na5 {[%clk
1:23:37]} 8. Qa4+ {[%clk 1:27:19]} Bd7 {[%clk 1:22:47]} 9. Bb5 {[%clk 1:27:31]}
e6 {[%clk 1:21:37]} 10. Bxd7+ {[%clk 1:25:19]} Nxd7 {[%clk 1:21:15]} 11. Nb5
{[%clk 1:25:25]} Rc8 {[%clk 1:19:38]} 12. Bc7 {[%clk 1:23:06]} Rxc7 {[%clk
1:19:26]} 13. Nxc7+ {[%clk 1:21:51]} Qxc7 {[%clk 1:18:37]} 14. Ne2 {[%clk
1:22:06]} Bd6 {[%clk 1:15:57]} 15. Rc1 {[%clk 1:22:16]} Qd8 {[%clk 1:15:22]}
16. O-O {[%clk 1:22:33]} O-O {[%clk 1:14:34]} 17. Rc2 {[%clk 1:22:14]} a6
{[%clk 1:14:22]} 18. b4 {[%clk 1:19:49]} Nc4 {[%clk 1:12:25]} 19. Rfc1 {[%clk
1:19:40]} Qc8 {[%clk 1:11:00]} 20. b5 {[%clk 1:16:54]} Ndb6 {[%clk 1:08:55]}
21. Qb3 {[%clk 1:17:16]} a5 {[%clk 1:07:44]} 22. a4 {[%clk 1:17:36]} Qc7 {[%clk
1:07:24]} 23. g3 {[%clk 1:17:53]} Rc8 {[%clk 1:00:39]} 24. e4 {[%clk 1:15:36]}
dxe4 {[%clk 0:55:32]} 25. Nc3 {[%clk 1:12:42]} f5 {[%clk 0:51:58]} 26. d5
{[%clk 1:12:53]} Nxd5 {[%clk 0:51:01]} 27. Nxe4 {[%clk 1:13:01]} Ndb6 {[%clk
0:49:03]} 28. Nd2 {[%clk 1:09:07]} Ba3 {[%clk 0:42:24]} 29. Rxc4 {[%clk
1:07:49]} Nxc4 {[%clk 0:41:19]} 30. Rxc4 {[%clk 1:07:42]} Bc5 {[%clk 0:41:32]}
31. Rf4 {[%clk 1:00:56]} Qe5 {[%clk 0:40:27]} 32. Nf3 {[%clk 1:00:01]} Qf6
{[%clk 0:39:35]} 33. Kg2 {[%clk 0:55:20]} b6 {[%clk 0:38:39]} 34. Ng5 {[%clk
0:55:30]} Re8 {[%clk 0:37:30]} 35. h4 {[%clk 0:50:23]} h6 {[%clk 0:37:02]} 36.
Ne4 {[%clk 0:50:30]} Qe5 {[%clk 0:36:52]} 37. Nxc5 {[%clk 0:50:50]} Qxc5 {[%clk
0:37:06]} 38. Rc4 {[%clk 0:50:14]} Qd5+ {[%clk 0:36:48]} 39. Kh2 {[%clk
0:50:35]} Rd8 {[%clk 0:35:50]} 40. Qc3 {[%clk 0:48:28]} Kh7 {[%clk 0:34:45]}
41. Rc6 {[%clk 0:47:36]} Rd6 {[%clk 0:34:22]} 42. Kg1 {[%clk 0:36:43]} e5
{[%clk 0:28:31]} 43. Rxd6 {[%clk 0:32:59]} Qxd6 {[%clk 0:28:42]} 44. Qc6 {[%clk
0:33:20]} Qd1+ {[%clk 0:28:33]} 45. Kg2 {[%clk 0:33:35]} Qd4 {[%clk 0:27:05]}
46. Qe6 {[%clk 0:33:52]} f4 {[%clk 0:25:01]} 47. Qf5+ {[%clk 0:33:55]} Kg8
{[%clk 0:23:58]} 48. Qe6+ {[%clk 0:33:51]} Kf8 {[%clk 0:23:58]} 49. Qc8+ {[%clk
0:34:15]} Kf7 {[%clk 0:24:07]} 50. Qb7+ {[%clk 0:34:15]} Ke6 {[%clk 0:15:07]}
51. Qxg7 {[%clk 0:27:53]} f3+ {[%clk 0:14:55]} 52. Kg1 {[%clk 0:26:46]} Qd1+
{[%clk 0:01:47]} 53. Kh2 {[%clk 0:26:08]} Qe2 {[%clk 0:00:34]} 54. Qxh6+ {[%clk
0:26:26]} Kf5 {[%clk 0:30:22]} 55. Qg5+ {[%clk 0:56:50]} Ke4 {[%clk 0:30:35]}
56. Qg6+ {[%clk 0:57:12]} Kd5 {[%clk 0:30:11]} 57. Qc6+ {[%clk 0:57:36]} Kd4
{[%clk 0:30:36]} 58. Qxb6+ {[%clk 0:58:02]} Kd3 {[%clk 0:30:35]} 59. Qd6+
{[%clk 0:57:21]} Ke4 {[%clk 0:30:35]} 60. Qc5 {[%clk 0:57:29]} Kd3 {[%clk
0:29:56]} 61. b6 {[%clk 0:55:43]} e4 {[%clk 0:29:39]} 62. b7 {[%clk 0:55:24]}
Qb2 {[%clk 0:28:48]} 63. Qe3+ {[%clk 0:55:13]} 1-0

[Event "DVM U14 2020"]
[Site "Willingen GER"]
[Date "2021.06.24"]
[Round "1"]
[White "Walter, Romeo"]
[Black "Zobel, Christian"]
[Result "0-1"]
[Termination "normal"]
[Board "3.3"]
[WhiteElo "1486"]
[BlackElo "1587"]
[WhiteClock "00:09:02"]
[BlackClock "00:39:50"]
[WhiteTeam "SC Ostfildern 1952 e.V."]
[BlackTeam "SC Borussia Lichtenberg"]
[PlyCount "78"]
[WhiteFideId "16275055"]
[BlackFideId "16259068"]
[EventCountry "GER"]
[EventRounds "7"]
[EventType "team-swiss"]
[EventDate "2021.06.23"]

1. e4 e5 2. Nf3 Nf6 3. Nxe5 d6 4. Nf3 Nxe4 5. Nc3 Nxc3 6. bxc3 Bg4 7. Be2 Be7
8. d4 O-O 9. Bf4 Nd7 10. O-O Nf6 11. Bg3 Qd7 12. Bd3 Qc6 13. c4 Nh5 14. h3 Nxg3
15. fxg3 Bh5 16. Ne5 Bxd1 17. Nxc6 bxc6 18. Raxd1 Rab8 19. Rb1 Bf6 20. c3 c5
21. Rf4 Rxb1+ 22. Bxb1 Rb8 23. Bc2 Rb2 24. Bb3 Rb1+ 25. Kf2 Rc1 26. dxc5 dxc5
27. Re4 g6 28. Re8+ Kg7 29. Ra8 Rxc3 30. Rxa7 Bd4+ 31. Kf1 Rxg3 32. Rxc7 h5 33.
Bd1 Rc3 34. Bb3 g5 35. Rb7 g4 36. hxg4 hxg4 37. a4 g3 38. Ke2 Re3+ 39. Kf1 Bc3
0-1